Souhvězdí Orionu a tajemství pyramid /

Hlavní autor: Bauval, Robert, 1948-
Další autoři: Gilbert, Adrian 1949-, Hozáková, Andrea
Jazyk: Čeština
Vydáno: Hodkovičky : Pragma, [1994]
Edice: Nové objevy
Témata:
Externí odkaz: Digitalizovaný dokument
Fyzický popis: 269 stran, 16 nečíslovaných stran obrazových příloh : ilustrace ; 21 cm
Knihy
Uloženo v:
LEADER 01916nam a2200505 i 4500
001 001639507
003 CZ BrMZK
005 20180905070948.0
007 ta
008 180724t19941994xr af e f 000 0 cze
015 |a cnb000970149 
020 |a 80-7205-777-4  |q (brožováno) 
035 |a (OCoLC)85003515 
040 |a ABA001  |b cze  |d BOA001  |e rda 
041 1 |a cze  |h eng 
043 |a f-ua--- 
072 7 |a 930.85  |x Dějiny civilizace. Kulturní dějiny  |2 Konspekt  |9 8 
080 |a 726.85  |2 MRF 
080 |a 251  |2 MRF 
080 |a 001.94  |2 MRF 
080 |a (32)  |2 MRF 
080 |a (620)  |2 MRF 
080 |a (0.062)  |2 MRF 
100 1 |a Bauval, Robert,  |d 1948-  |7 ola2005262827  |4 aut 
245 1 0 |a Souhvězdí Orionu a tajemství pyramid /  |c Robert Bauval a Adrian Gilbert ; z anglického originálu přeložila Andrea Hozáková 
264 1 |a Hodkovičky :  |b Pragma,  |c [1994] 
264 4 |c ©1994 
300 |a 269 stran, 16 nečíslovaných stran obrazových příloh :  |b ilustrace ;  |c 21 cm 
336 |a text  |b txt  |2 rdacontent 
337 |a bez média  |b n  |2 rdamedia 
338 |a svazek  |b nc  |2 rdacarrier 
490 1 |a Nové objevy 
500 |a Dostupné též v digitální podobě v aplikaci Kramerius 
650 0 7 |a pyramidy  |7 ph124839  |z Egypt  |2 czenas 
650 0 7 |a egyptské náboženství  |7 ph202931  |2 czenas 
650 0 7 |a nevysvětlené jevy  |7 ph117239  |z starověký Egypt  |2 czenas 
655 7 |a populárně-naučné publikace  |7 fd131864  |2 czenas 
700 1 |a Gilbert, Adrian  |q (Adrian Geoffrey),  |d 1949-  |7 jn20000601808  |4 aut 
700 1 |a Hozáková, Andrea  |4 trl 
830 0 |a Nové objevy  |0 s 
856 4 1 |u http://www.digitalniknihovna.cz/mzk/uuid/uuid:3f55a460-6bc5-11ed-b42c-005056827e51  |y Digitalizovaný dokument  |x NDK 
910 |a BOA001  |b 2-1412.277 
990 |a BK 
991 |b 201809  |c NOV 
996 6 |b 2610750283  |c 2-1412.277  |l MZK  |r Sklad / do 1 hodiny  |n 1  |p dar  |w 001679625  |u 000010  |a 1  |e BOA001  |j MZK50  |s P